000 00718nam a2200229Ii 4500
003 JO-AjNU
008 230605s9999||||xx |||||||||||||| ||und||
017 _a2001/1/188
020 _a9957-11-196-5
040 _aJO-AjNU
_bara
_erda
_cJO-AjNU
041 _aara
050 1 4 _aBF295.M3392.2001
100 3 _aمحجوب،وجيه,
_eauthor
_931414
245 0 0 _aنظريات التعلم والتطور الحركي
250 _aط1
264 3 1 _aعمان:دار وائل للنشر والتوزيع ،2001
300 _a183ص
336 _atext
_btxt
_2rdacontent
337 _aunmediated
_bn
_2rdamedia
338 _avolume
_bnc
_2rdacarrier
650 4 _aعلم الاحياء العصبي-التطور
_931415
999 _aA12563
_c16131
_d16131